000 00762nam a22002531 4500
001 15685
003 BD-RjUL
005 20211208235852.0
008 140210s1963 ohua b 001 0 eng d
035 _a(OCoLC)ocm00767447
035 _a(BD-RjUL)15740
040 _aDLC
_cCMC
_dDLC
_dZCU
_dBD-RjUL
_beng
041 _aeng
082 0 0 _a658.3
_bODP 1963
100 1 _aOdiorne, George S.
_947243
245 1 0 _aPersonnel policy :
_bissues and practices /
_cGeorge S. Odiorne.
260 _aColumbus, Ohio :
_bC. E. Merrill Books,
_c1963.
300 _aXVII, 524 p. :
_bill. ;
_c24 cm.
504 _aIncludes bibliographical references and index.
650 0 _aPersonnel management.
_948677
942 _2ddc
_cBK
999 _c15685
_d15685